| 000 | 01334nac a22003011u 4500 | ||
|---|---|---|---|
| 010 | _a 97020500 | ||
| 020 | _a8126508353 : | ||
| 082 | 0 | 0 |
_a005.10684 _bSOF |
| 090 |
_c8888 _d8888 |
||
| 100 | _a20080729 | ||
| 245 | 0 | 0 |
_aSoftware engineering project management / _cedited by Richard H. Thayer ; foreword by Edward Yourdon. |
| 250 | _a2nd ed. | ||
| 260 |
_aIndia : _bWiley,2007. _cc2007. |
||
| 300 |
_axviii, 531 p. : _bill. ; _c28 cm. |
||
| 500 | _aRev. ed. of: Tutorial--software engineering project management. c1988. | ||
| 500 | _aDistributed by Al Magmoa Al Elmeya | ||
| 504 | _aIncludes bibliographical references. | ||
| 511 | _aCatalogued by: Sara | ||
| 650 | 0 |
_aSoftware engineering _xManagement. |
|
| 700 | 1 | _aThayer, Richard H. [ed.] | |
| 700 | 1 | _aYourdon, Edward | |
| 740 | 0 | _aTutorial--software engineering project management. | |
| 856 | 4 | 2 |
_3Contributor biographical information _uhttp://www.loc.gov/catdir/bios/wiley046/97020500.html |
| 856 | 4 | 2 |
_3Publisher description _uhttp://www.loc.gov/catdir/description/wiley039/97020500.html |
| 856 | 4 | 2 |
_3Table of contents _uhttp://www.loc.gov/catdir/toc/wiley031/97020500.html |
| 942 |
_cBB _k005.10684SOF |
||
| 999 |
_c8888 _d8888 |
||